Online Catalogue and eLibrary

Sammayamm (Record no. 3561)

MARC details
000 -LEADER
fixed length control field 00416nam a2200145Ia 4500
005 - DATE AND TIME OF LATEST TRANSACTION
control field 20250422043843.0
008 - FIXED-LENGTH DATA ELEMENTS--GENERAL INFORMATION
fixed length control field 240331s9999 xx 000 0 und d
082 ## - DDC Classification
Item Number - Author Mark PAR
Class No. 200
100 ## - MAIN ENTRY--PERSONAL NAME
Personal name Paramasiven,T
245 #0 - TITLE STATEMENT
Title Sammayamm
260 ## - PUBLICATION, DISTRIBUTION, ETC.
Place of publication, distribution, etc. Chennai
Name of publisher, distributor, etc. Thenthisai Pathipakam Pvt Ltd
Date of publication, distribution, etc. 2008
300 ## - PHYSICAL DESCRIPTION
Extent (e.g. Volumes, Pages etc.) 128 p .,
500 ## - GENERAL NOTE
General note Samaiyam Sarntha , Thaaitheiva valippadu nerigal, anbu nerikal padriya puthagam
942 ## - Koha item type (Biblio)
Koha item type Books in Stacks (Lending)
Holdings
Lost status Damaged status Collection code Home library Current library Shelving location Date acquired Full call number Accession Number Item type
    Lending WERC Library WERC Library Social Science Cupboard 03/31/2024 200.92 PAR 6458 Books in Stacks (Lending)

© WERC Library